Killer Whale / (Record no. 22669)

000 -LEADER
fixed length control field 01372nam a22003017a 4500
005 - DATE AND TIME OF LATEST TRANSACTION
control field 20260417120525.0
007 - PHYSICAL DESCRIPTION FIXED FIELD--GENERAL INFORMATION
fixed length control field co cgaIIIIIIII
008 - FIXED-LENGTH DATA ELEMENTS--GENERAL INFORMATION
fixed length control field 260416b xxu||||| |||| 00| 0 eng d
040 ## - CATALOGING SOURCE
Transcribing agency Cagayan State University
082 ## - DEWEY DECIMAL CLASSIFICATION NUMBER
Classification number 791.4372
Item number K55
245 ## - TITLE STATEMENT
Title Killer Whale /
Statement of responsibility, etc directed by Jo-Anne Brechin ; produced by Steve Jaggi, Kylie Pascoe, Lionel Hicks ; written by Jo-Anne Brechin & Katharine McPhee.
260 ## - PUBLICATION, DISTRIBUTION, ETC. (IMPRINT)
Place of publication, distribution, etc United States :
Name of publisher, distributor, etc Lionsgate,
Date of publication, distribution, etc 2026.
300 ## - PHYSICAL DESCRIPTION
Extent 1 videofile, (ca. 89 min.) :
Other physical details sound, color.
500 ## - GENERAL NOTE
General note Copyright Claimant: Lionsgate. Date of Creation: 2026; Date of Publication: Jan. 16, 2026. ; Release date
February 5, 2026 (United Arab Emirates).
500 ## - GENERAL NOTE
General note Summary derived from IMDb Web site.
520 ## - SUMMARY, ETC.
Summary, etc Follows best friends Maddie and Trish as they find themselves trapped in a remote lagoon with the dangerous killer whale named Ceto.
521 ## - TARGET AUDIENCE NOTE
Target audience note Rated R for some violent content, bloody/grisly images, language and brief drug use.
Source Motion Picture Rating (MPA)
546 ## - LANGUAGE NOTE
Language note In Movie App with English subtitle.
655 ## - INDEX TERM--GENRE/FORM
Genre/form data or focus term Action.
655 ## - INDEX TERM--GENRE/FORM
Genre/form data or focus term Horror.
655 ## - INDEX TERM--GENRE/FORM
Genre/form data or focus term Thriller.
700 ## - ADDED ENTRY--PERSONAL NAME
Personal name Brechin, Jo-Anne, director and writer.
700 ## - ADDED ENTRY--PERSONAL NAME
Personal name McPhee, Katharine, writer.
700 ## - ADDED ENTRY--PERSONAL NAME
Personal name Gardner, Virginia, star.
700 ## - ADDED ENTRY--PERSONAL NAME
Personal name Jarnson, Mel, star.
700 ## - ADDED ENTRY--PERSONAL NAME
Personal name Hope, Mitchell, star.
942 ## - ADDED ENTRY ELEMENTS (KOHA)
Source of classification or shelving scheme
Item type Audio-Visual Materials
Holdings
Price effective from Permanent location Date last seen Not for loan Date acquired Source of classification or shelving scheme Koha item type Collection code Shelving location Damaged status Lost status Withdrawn status Current location Full call number
2026-04-17Cagayan State University - Carig Library2026-04-17 2026-04-17 Audio-Visual MaterialsElectronic Media CenterAudio Visual   Cagayan State University - Carig Library791.4372 K55

Cagayan State University University Library, Carig Campus
Tuguegarao City, Cagayan 3500 | www.csucarig.edu.ph

Powered by Koha